Die disziplinierte Diktatur
| Titel: | Die disziplinierte Diktatur : Stalinismus und Justiz in der sowjetischen Provinz, 1938 bis 1956 / von Immo Rebitschek |
|---|---|
| Verfasser: | |
| Veröffentlicht: | Köln; Weimar; Wien : Böhlau Verlag, 2018 |
| Umfang: | 454 Seiten ; 24 cm |
| Format: | Buch |
| Sprache: | Deutsch |
| Schriftenreihe/ mehrbändiges Werk: |
Beiträge zur Geschichte Osteuropas ; Band 51 |
| Hochschulschrift: | Dissertation, Friedrich-Schiller-Universität Jena, 2017 |
| RVK-Notation: | |
| Andere Ausgaben: |
Erscheint auch als Online-Ausgabe
|
| ISBN: | 9783412511272 ; 3412511277 ; 9783412512132 |
| Hinweise zum Inhalt: |
Inhaltsverzeichnis
|
alg: 42684885 001A $06000:01-03-18 001B $01999:09-05-25 $t18:54:37.000 001C $00026:17-07-18 $t12:34:03.000 001D $00034:29-05-18 001U $0utf8 001X $00 002@ $0Aau 002C $aText $btxt $2rdacontent 002D $aohne Hilfsmittel zu benutzen $bn $2rdamedia 002E $aBand $bnc $2rdacarrier 003@ $0426848853 003O $01024113579 $aOCoLC 004A $A978-3-412-51127-2 $fFesteinband : circa EUR 65.00 (DE), circa EUR 67.00 (AT) 004A $03-412-51127-7 004E/01 $051127 $lBestellnummer 004K $09783412511272 004O $A978-3-412-51213-2 $So 006G $01150251751 006H $0TOCNEUA1809 $2DNB 006T $018,N03 006U $018,A20 $f20180109 006U $018,H06 007A $01150251751 $aDNB 009P $qapplication/pdf $A2 $3Inhaltsverzeichnis $uhttp://d-nb.info/1150251751/04 $mB:DE-101 010@ $ager 010E $erda 011@ $a2018 013D $RWissenschaftliche Literatur $#Dissertations, Academic $#Thèses et écrits académiques $#Hochschulschrift $74113937-9 $8Hochschulschrift [Tsz] $9085338818 017A $asf 021A $aDie @disziplinierte Diktatur $dStalinismus und Justiz in der sowjetischen Provinz, 1938 bis 1956 $hvon Immo Rebitschek 028A $BVerfasser $#Rebitschek, Maximilian Immo $4aut $71151404748 $8Rebitschek, Immo$Z1987- [Tp3] $9425241904 033A $pKöln $pWeimar $pWien $02005806-8 $nBöhlau Verlag 034D $a454 Seiten 034I $a24 cm 036E $aBeiträge zur Geschichte Osteuropas $lBand 51 037C $dDissertation $eFriedrich-Schiller-Universität Jena $f2017 039D $aErscheint auch als $z9783412512132 $nOnline-Ausgabe 044K $RKommunismus $REntstalinisierung $#Stalinisme $#Stalinismus $#Stalinismus $74056883-0 $8Stalinismus [Ts1] $9085158437 044K $RMacht $RTerritorium $#Power (Social sciences) $#Pouvoir (sciences sociales) $#Herrschaft $#Herrschaft $#Politische Herrschaft $#Oberherrschaft $#Oberhoheit $#Herrschaftsbildung $#Herrlichkeit Herrschaft $#Unterherrschaft $#Unterherrlichkeit $74024596-2 $8Herrschaft [Ts1] $9085061042 044K $#constraints $#Zwang $#Sozialer Zwang $74191183-0 $8Zwang [Ts1] $908594985X 044K $RAnklagebehörde $RStrafverfolgungsbehörde $RLandesanwaltschaft $RStaatsanwalt $RStaatsanwältin $#Staatsanwaltschaft $#Staatsanwaltschaft/Staatsanwälte $74056634-1 $8Staatsanwaltschaft [Ts1] $908515766X 044K $#Region Perm $#Permskij kraj $#Perm, Region $#Pẹrmski krại $#Permkij Kraj, Administracija $74443921-0 $8Kraj Perm [Tg1] $9088793974 045E $c340 $c940 045F $a345.474301262 $eDDC22ger 045F/01 $a345.01262 045F/03 $g4743 045R $aGeschichte 1938-1954 045Z $8NQ 5055 [Tkv] $9410915017 lok: 42684885 23 exp: 42684885 23 1 #EPN 201B/01 $025-10-24 $t12:08:45.000 201C/01 $022-05-18 201U/01 $0utf8 203@/01 $01022371983 208@/01 $a29-05-18 $bz 209A/01 $a35 NQ 5055 R291 $du $f030 $hNQ 5055 R291 $x00 209G/01 $a28095325 $x00 247C/01 $8352030-4 <34/30>Kassel, UB Kassel, Standort Brüder-Grimm-Platz, Landesbibliothek und Murhardsche Bibliothek der Stadt Kassel $9102599475 lok: 42684885 24 exp: 42684885 24 1 #EPN 201B/01 $017-09-18 $t09:20:11.000 201C/01 $017-09-18 201U/01 $0utf8 203@/01 $01029897409 208@/01 $a17-09-18 $ba 209A/01 $azur Erwerbung bestellt $f050 $x00 220C/01 $ajwa//K-irg 247C/01 $8358050-7Marburg, Bibliothek des Herder-Instituts Marburg $9102600961 lok: 42684885 25 exp: 42684885 25 1 #EPN 201B/01 $012-12-25 $t12:01:42.000 201C/01 $006-02-20 201U/01 $0utf8 203@/01 $01079343318 208@/01 $a06-02-20 $bzis 209A/01 $aHe 2445/9 $dd $f092 $x00 209C/01 $a20/20-4 Osteuropäische Geschichte 209G/01 $a77639529 $x00 209G/01 $aOsteuropäische Geschichte $x01 247C/01 $8651092-9 <77/092>Mainz, Universität Mainz, Bereichsbibliothek Philosophicum, Standort Osteuropäische Geschichte $9102600414 lok: 42684885 204 exp: 42684885 204 1 #EPN 201B/01 $024-07-18 $t09:29:03.000 201C/01 $023-05-18 201U/01 $0utf8 203@/01 $01022401947 208@/01 $a24-07-18 $bzUB 209A/01 $a000 NQ 5055 R291 $du $f000 $x00 209G/01 $a62472987 $x00 245S/01 $a10200 $x01 247C/01 $8631000-x <26>Gießen, Universität Gießen, Universitätsbibliothek Gießen $9102596697
| LEADER | 00000cam a2200000 c 4500 | ||
|---|---|---|---|
| 001 | 426848853 | ||
| 003 | DE-603 | ||
| 005 | 20250509185437.0 | ||
| 007 | tu | ||
| 008 | 180301s2018 xx |||| m u00||u|ger | ||
| 015 | |a 18,A20 |z 18,N03 |2 dnb | ||
| 016 | 7 | |2 DE-101 |a 1150251751 | |
| 020 | |a 9783412511272 |c Festeinband : circa EUR 65.00 (DE), circa EUR 67.00 (AT) | ||
| 020 | |a 3412511277 | ||
| 024 | 3 | |a 9783412511272 | |
| 028 | 5 | 2 | |a 51127 |
| 035 | |a (DE-599)DNB1150251751 | ||
| 035 | |a (OCoLC)1024113579 | ||
| 040 | |a DE-603 |b ger |c DE-603 |d DE-603 |e rda | ||
| 041 | |a ger | ||
| 082 | 0 | 4 | |8 1\u |a 345.474301262 |q DE-101 |2 22/ger |
| 084 | |a 340 |a 940 |q DE-101 |2 sdnb | ||
| 084 | |a NQ 5055 |0 (DE-625)128530: |0 (DE-603)410915017 |2 rvk | ||
| 085 | |8 1\u |b 345.01262 | ||
| 085 | |8 1\u |z 2 |s 4743 | ||
| 090 | |a b | ||
| 100 | 1 | |a Rebitschek, Immo |d 1987- |e Verfasser |4 aut |0 (DE-603)425241904 |0 (DE-588)1151404748 |2 gnd | |
| 245 | 0 | 0 | |a Die disziplinierte Diktatur |b Stalinismus und Justiz in der sowjetischen Provinz, 1938 bis 1956 |c von Immo Rebitschek |
| 264 | 1 | |a Köln |a Weimar |a Wien |b Böhlau Verlag |c 2018 | |
| 300 | |a 454 Seiten |c 24 cm | ||
| 336 | |a Text |b txt |2 rdacontent | ||
| 337 | |a ohne Hilfsmittel zu benutzen |b n |2 rdamedia | ||
| 338 | |a Band |b nc |2 rdacarrier | ||
| 490 | 0 | |a Beiträge zur Geschichte Osteuropas |v Band 51 | |
| 502 | |b Dissertation |c Friedrich-Schiller-Universität Jena |d 2017 | ||
| 648 | 7 | |a Geschichte 1938-1954 |2 gnd | |
| 650 | 7 | |a Stalinismus |0 (DE-588)4056883-0 |0 (DE-603)085158437 |2 gnd | |
| 650 | 7 | |a Herrschaft |0 (DE-588)4024596-2 |0 (DE-603)085061042 |2 gnd | |
| 650 | 7 | |a Zwang |0 (DE-588)4191183-0 |0 (DE-603)08594985X |2 gnd | |
| 650 | 7 | |a Staatsanwaltschaft |0 (DE-588)4056634-1 |0 (DE-603)08515766X |2 gnd | |
| 651 | 7 | |a Kraj Perm |0 (DE-588)4443921-0 |0 (DE-603)088793974 |2 gnd | |
| 655 | 7 | |a Hochschulschrift |2 gnd-content |0 (DE-588)4113937-9 |0 (DE-603)085338818 | |
| 776 | 0 | 8 | |i Erscheint auch als |n Online-Ausgabe |z 9783412512132 |
| 776 | 1 | |z 9783412512132 | |
| 856 | 4 | 2 | |m B:DE-101 |q application/pdf |u http://d-nb.info/1150251751/04 |3 Inhaltsverzeichnis |
| 924 | 0 | |9 34/30 |a (DE-603)1022371983 |b DE-34-30 |c HES |d c |g 35 NQ 5055 R291 | |
| 924 | 0 | |9 Mb 50 |a (DE-603)1029897409 |b DE-Mb50 |c HES |d c |g zur Erwerbung bestellt | |
| 924 | 0 | |9 77/092 |a (DE-603)1079343318 |b DE-77-092 |c HES |d d |g He 2445/9 | |
| 924 | 0 | |9 26 |a (DE-603)1022401947 |b DE-26 |c HES |d c |g 000 NQ 5055 R291 | |


